| 000 | 01020nam a22002657a 4500 | ||
|---|---|---|---|
| 005 | 20150204114933.0 | ||
| 008 | 131213s2011 bo a 000 0 spa | ||
| 020 | _a9789995484804 | ||
| 040 |
_aDLC _cDLC _dCo-BoIAVH |
||
| 041 | _aspa | ||
| 044 | _abo | ||
| 082 | 0 | 4 |
_a333.782 _bS68e |
| 100 | 1 |
_aSolís-Rojas, Carlos Alberto. _932579 |
|
| 245 | 1 | 3 |
_aEl ecoturismo como herramienta para la conservación : _bPilón Lajas frente a la demanda turística de la Amazonía boliviana / _cCarlos Alberto Solís Rojas. |
| 260 |
_aLa Paz: _bConservation Strategy Fund - CSF, _c2011. |
||
| 300 |
_a52 p.: _bil., tablas ; _c29 cm. |
||
| 490 | 0 |
_aSerie académica ; _vNo. 3 |
|
| 504 | _aIncluye referencias bibliográficas (pag. 46-47) | ||
| 650 | 4 |
_aAreas protegidas _zPilón Lajas, _zBolivia. _932580 |
|
| 650 | 4 |
_aEcoturismo _zPilón Lajas, _zBolivia. _932581 |
|
| 650 | 4 |
_aRecursos naturales _vconservación _932582 |
|
| 700 | 1 |
_aCamacho, Willy _eeditor. _932583 |
|
| 700 | 1 |
_aReid, John _efotográfo. _932584 |
|
| 942 |
_2ddc _cLIBRO |
||
| 999 |
_c9046 _d9046 |
||